书目信息 |
| 题名: |
驴皮记
|
|
| 作者: | 巴尔扎克 著 ;梁均 译 | |
| 分册: | ||
| 出版信息: | 南京 江苏凤凰文艺出版社 2019.07 |
|
| 页数: | 298页 | |
| 开本: | 22cm | |
| 丛书名: | ||
| 单 册: | ||
| 中图分类: | I565.44 | |
| 科图分类: | ||
| 主题词: | 长篇小说--chang pian xiao shuo--法国--近代 | |
| 电子资源: | ||
| ISBN: | 978-7-5594-3611-5 | |
| 000 | 01187nam0 2200265 450 | |
| 001 | 202019137218 | |
| 005 | 20191026133320.0 | |
| 010 | @a978-7-5594-3611-5@b精装@dCNY45.00 | |
| 100 | @a20191022d2019 em y0chiy50 ea | |
| 101 | 1 | @achi@cfre |
| 102 | @aCN@b320000 | |
| 105 | @ay z 000ay | |
| 106 | @ar | |
| 200 | 1 | @a驴皮记@Alu^ pi ji@d= The magic skin@f(法) 巴尔扎克著@g梁均译@zeng |
| 210 | @a南京@c江苏凤凰文艺出版社@d2019.07 | |
| 215 | @a298页@d22cm | |
| 314 | @a巴尔扎克 (1799-1850) , 法国作家, 法国现实主义文学的主要代表作家。梁均, 原名梁继本, 译有《驴皮记》《人生的开端》等。 | |
| 330 | @a小说别出心裁地用一张驴皮来象征人的欲望和生命的矛盾, 并借此概括他的生活经验和哲理思考。讲述贵族出身的青年瓦朗坦破产后投身到社交场所, 落得穷途未路, 准备投水自杀时, 一个古董商给了他一张神奇的驴皮。这张驴皮能实现他任何愿望, 不管是善念还是恶念, 但愿望一经实现驴皮立刻缩小, 寿命也随之缩短。 | |
| 510 | 1 | @aMagic skin@zeng |
| 606 | 0 | @a长篇小说@Achang pian xiao shuo@y法国@z近代 |
| 690 | @aI565.44@v5 | |
| 701 | 1 | @a巴尔扎克@Aba er za ke@g(Balzac, Honore de),@f1799-1850@4著 |
| 702 | 0 | @a梁均@Aliang jun@4译 |
| 801 | 0 | @aCN@c20190905 |
| 905 | @a河南城建学院图书馆@dI565.44@eB029-10 | |
| 驴皮记= The magic skin/(法) 巴尔扎克著/梁均译.-南京:江苏凤凰文艺出版社,2019.07 |
| 298页;22cm |
| ISBN 978-7-5594-3611-5(精装):CNY45.00 |
| 小说别出心裁地用一张驴皮来象征人的欲望和生命的矛盾, 并借此概括他的生活经验和哲理思考。讲述贵族出身的青年瓦朗坦破产后投身到社交场所, 落得穷途未路, 准备投水自杀时, 一个古董商给了他一张神奇的驴皮。这张驴皮能实现他任何愿望, 不管是善念还是恶念, 但愿望一经实现驴皮立刻缩小, 寿命也随之缩短。 |
| ● |
| 相关链接 |
|
|
|
正题名:驴皮记
索取号:I565.44/B029-10
 
预约/预借
| 序号 | 登录号 | 条形码 | 馆藏地/架位号 | 状态 | 备注 |
| 1 | 1445656 | 214456569 | 文学库116/116文学库 23排2列3层/ [索取号:I565.44/B029-10] | 在馆 | |
| 2 | 1445657 | 214456578 | 文学库116/116文学库 23排2列3层/ [索取号:I565.44/B029-10] | 在馆 |